000 00482nam a2200145Ia 4500
008 240729s9999 xx 000 0 und d
022 _a2008-5249
245 0 _aMiddle East Journal of Digestive Diseases
260 _aIran, Islamic Republic of
260 _bIranian Association of Gastroenterology and Hepatology, Shiraz University of Medical Sciences
650 _aMedicine
856 _uhttps://doaj.org/toc/2630e5e7ba484321a0b5228fb702454e
942 _2ddc
942 _cDOAJEJ
999 _c70414
_d70414
945 _a1
_bMadushi Gamage
_c1
_dMadushi Gamage